01426nam a2200181 a 4500003000900000005001700009007000300026008004100029040002500070082001400095245008400109246001800193260004300211300002000254505082500274650010301099651004201202DO-SdBNP20220701121302.0ta220623e2004 dr ||||frlg|| 001 0 spa d aDO-SdBNPbspacBNPHU 4222bS562i10aSistema de implementación del nuevo proceso penal creado por la Ley No. 76-0210aLey No. 76-02 aSanto Domoimgo :bFilantropía,c2004 a81 p. ;c20 cm.0 tLey No. 278-04, Implementación del Proceso Penal.--tDecreto No, 420-02, Creación de la comisión Nacional de Ejecución de la -reforma Procesal Penal (CONAE).--tResolución No. 1920-2003, Medidas Anticipadas para la Aplicación del nuevo Código Procesal Penal.--tResolución No. 1919-2003, Resolución de Garantía en caso de Ordenar una Suspensión de Ejecución de Sentencia.--tResolución No. 512-2002, Sistema de Defensa Penal.--tResolución No. 1362-2003, Competencia de Atribución del Juzgado de Primera Instancia de la Provincia Santo Domingo.tResolución No. 713-2002, que autoriza a los Jueces de Instrucción el Distrito Nacional, secretarios y/o auxiliares a trasladarse a Najayo y la Victoria.--tResolución No. 14786-2003, de la Procuraduría General de la República.-- 4aRepública DominicanosxLey 76-02 que crea el Sistema de Implementación del Nuevo Proceso Penal 4aRepública DominicanaxLey No. 76-02